000 00716nam a2200289Ia 4500
005 20260324120157.0
008 008 260324s9999 xx 000 0 eng d
020 _a9781315796956
037 _aEBOOK
040 _aCRL
040 _beng
040 _cCRL
041 _2eng
041 _aeng
084 _qCRL
100 _aRussell Willerton
_91157544
245 0 _aPlain Language and Ethical Action
245 2 _bA Dialogic Approach to Technical Content in the 21st Century
260 _bTaylor and Francis
260 _c2015
365 _a
365 _b230
856 _uhttp://www.taylorfrancis.com/books/9781315796956
942 _cEBOOK
999 _c1748921
_d1748921